00863nam a2200265 i 45000010005000000030009000050050017000140070003000310080041000340200018000750800011000930800011001041000028001152450079001432500012002222600040002343000022002744900026002966500042003227000029003648300034003938520033004279990015004609520122004759890ES-MaACL20250814065124.0t|940411s1992 sp ||||1| spa d a84-85855-64-7 a915:33 a33:9151 aKrugman, Paul R.96890810aGeografía y comercio / cPaul Krugman ; traducción de Alfons Méndez. a1ª ed. aBarcelona : bAntoni Bosch, c1992. a152 p. ; c22 cm.1 aTextos universitarios17aGeografía económica2embne9130771 aMéndez, Alfons.9801070 aTextos universitarios9177853 aES-MaACLjL-17312 bR.122380 c9890d9890 00104070aATENEOMbATENEOMcDEPO2d2008-01-17eSCl0oL-17312p1010096r2023-02-23 00:00:00w2023-02-23yMONOGRAFIA